00192nam a2200085Ia 4500008004100000041000800041100001300049245003500062260000900097240625s9999 xx 000 0 und d aeng aPC QUEST aPC QUEST 8 5 GB PCQ XTREME DVD c1908